Epoque contemporaine - Statistiques

Statistiques générales
  • Ce quiz a été pris 12 fois
  • Le résultat moyen est 6 sur 11
Statistiques - réponses
Question Réponse % Correct
Mort de Jean Moulin 1943
90%
Signature du traité de Rome 1957
80%
Abolition de la peine de mort 1981
80%
Séparation de l'Eglise et de l'Etat 1905
70%
Premier congés payés 1936
70%
Premier choc pétrolier 1973
70%
Guerre d'Indochine 1946-1954
40%
Guerre d'Algérie 1954-1962
40%
Enseignement primaire gratuit, laïque, et obligatoire 1882
30%
Traité de Francfort 1871
20%
Guerre Froide 1947-1989
10%
Aucun quiz correspondant
Distribution des résultats
% des personnes avec chaque résultat
Percentile par nombre de réponses
Votre historique - résultats
Vous n’avez pas pris ce quiz